Jugadores españoles en la Premier League - Estadísticas

Estadísticas generales
  • Esta prueba ha sido intentada 18 veces
  • La puntuación promedio es 29 de 176
Estadísticas de respuestas
Temporada de debut Club del debut Partidos totales en PL Respuesta % Correcto
2025-26 Arsenal 38 Martín Zubimendi
92%
2017-18 Newcastle United 72 Mikel Merino
85%
2021-22 Brentford 169 David Raya
77%
2023-24 Aston Villa 74 Pau Torres
77%
2025-26 Crystal Palace 34 Yeremy Pino
77%
2007-08 Liverpool 212 Fernando Torres
69%
2020-21 Manchester City 28 Ferran Torres
62%
2021-22 Brighton & Hove Albion 150 Marc Cucurella
62%
2011-12 Manchester United 415 David De Gea
54%
2010-11 Manchester City 299 David Silva
54%
2020-21 Leeds United 51 Diego Llorente
54%
2016-17 Swansea City 69 Fernando Llorente
54%
2011-12 Chelsea 278 Juan Mata
54%
2019-20 Manchester City 196 Rodri Hernández
54%
2017-18 Chelsea 47 Álvaro Morata
46%
2017-18 Manchester City 121 Aymeric Laporte
46%
2014-15 Newcastle United 223 Ayoze Pérez
46%
2004-05 Arsenal 350 Cesc Fàbregas
46%
2004-05 Blackburn Rovers 2 Javi De Pedro
46%
2024-25 Manchester City 36 Nico González
46%
2022-23 Tottenham Hotspur 117 Pedro Porro
46%
2004-05 Liverpool 143 Xabi Alonso
46%
2025-26 Arsenal 20 Christian Mosquera
38%
2024-25 Bournemouth 32 Dean Huijsen
38%
2014-15 Chelsea 112 Diego Costa
38%
2013-14 Manchester City 123 Jesús Navas
38%
2018-19 Chelsea 141 Kepa Arrizabalaga
38%
2010-11 Bolton Wanderers 179 Marcos Alonso
38%
2020-21 Brighton & Hove Albion 170 Robert Sánchez
38%
2012-13 Chelsea 349 César Azpilicueta
31%
2006-07 Bolton Wanderers 1 César Martín
31%
2019-20 Manchester City 19 Eric García
31%
2005-06 Manchester United 12 Gerard Piqué
31%
2016-17 Arsenal 26 Lucas Pérez
31%
2004-05 Liverpool 77 Luis García
31%
2007-08 Bolton Wanderers 7 Mikel Alonso
31%
2004-05 Everton 284 Mikel Arteta
31%
2015-16 Chelsea 137 Pedro Rodríguez
31%
2005-06 Liverpool 297 Pepe Reina
31%
2010-11 Bolton Wanderers 105 Rodrigo Moreno
31%
2012-13 Arsenal 129 Santi Cazorla
31%
2020-21 Tottenham Hotspur 81 Sergio Reguilón
31%
2014-15 Manchester United 30 Víctor Valdés
31%
2015-16 Aston Villa 271 Adama Traoré
23%
2016-17 Manchester City 4 Aleix García
23%
2006-07 Liverpool 69 Álvaro Arbeloa
23%
2014-15 Manchester United 132 Ander Herrera
23%
2019-20 Arsenal 49 Dani Ceballos
23%
2013-14 Everton 127 Gerard Deulofeu
23%
2017-18 Stoke City 13 Jesé Rodríguez
23%
2009-10 Wigan Athletic 131 Jordi Gómez
23%
2016-17 Leicester City 4 Luis Hernández
23%
2004-05 Arsenal 109 Manuel Almunia
23%
2024-25 Aston Villa 13 Marco Asensio
23%
2016-17 Manchester City 19 Nolito
23%
2019-20 West Ham 152 Pablo Fornals
23%
2012-13 Swansea City 73 Pablo Hernández
23%
2002-03 Manchester United 1 Ricardo López
23%
2022-23 Manchester City 18 Sergio Gómez
23%
2014-15 Liverpool 90 Alberto Moreno
15%
2025-26 Bournemouth 31 Álex Jiménez
15%
2022-23 Aston Villa 55 Álex Moreno
15%
2013-14 Manchester City 68 Álvaro Negredo
15%
2024-25 Aston Villa 13 Andrés García
15%
2023-24 Brighton & Hove Albion 19 Ansu Fati
15%
2004-05 Liverpool 41 Fernando Morientes
15%
2014-15 Arsenal 183 Héctor Bellerín
15%
2012-13 Manchester City 53 Javi García
15%
2003-04 Arsenal 69 José Antonio Reyes
15%
2015-16 Southampton 12 Juanmi Jiménez
15%
2015-16 Manchester City 1 Manu García
15%
2018-19 Watford 2 Marc Navarro
15%
2012-13 Swansea City 52 Michu
15%
2012-13 Arsenal 187 Nacho Monreal
15%
2019-20 Arsenal 14 Pablo Marí
15%
2022-23 Wolverhampton Wanderers 66 Pablo Sarabia
15%
2019-20 West Ham 8 Roberto Fernández
15%
2020-21 Liverpool 68 Thiago Alcántara
15%
2017-18 Leicester City 27 Vicente Iborra
15%
2008-09 Newcastle United 7 Xisco Jiménez
15%
2013-14 West Ham 139 Adrián San Miguel
8%
1998-99 Chelsea 76 Albert Ferrer
8%
2005-06 Newcastle United 21 Albert Luque
8%
2013-14 Swansea City 12 Álvaro Vázquez
8%
2013-14 Aston Villa 17 Antonio Luna
8%
2004-05 Liverpool 18 Antonio Nuñez
8%
2005-06 Chelsea 25 Asier Del Horno
8%
2014-15 Stoke City 53 Bojan Krkic
8%
2021-22 Tottenham Hotspur 24 Bryan Gil
8%
2024-25 West Ham 31 Carlos Soler
8%
2012-13 Swansea City 57 Chico Flores
8%
2018-19 Arsenal 4 Denis Suárez
8%
2018-19 Bournemouth 39 Diego Rico
8%
2004-05 Bolton Wanderers 29 Fernando Hierro
8%
2013-14 Liverpool 14 Iago Aspas
8%
2002-03 Bolton Wanderers 172 Iván Campo
8%
2007-08 Manchester City 89 Javier Garrido
8%
2003-04 Bolton Wanderers 8 Javi Moreno
8%
2019-20 Wolverhampton Wanderers 2 Jesús Vallejo
8%
2004-05 Liverpool 21 Josemi
8%
2006-07 West Ham 8 Kepa Blanco
8%
2020-21 Leeds United 3 Kiko Casilla
8%
2017-18 Watford 107 Kiko Femenía
8%
2013-14 Liverpool 9 Luis Alberto
8%
2024-25 Chelsea 13 Marc Guiu
8%
2015-16 Watford 15 Mario Suárez
8%
2009-10 Blackburn Rovers 66 Michel Salgado
8%
2011-12 Chelsea 239 Oriol Romeu
8%
2010-11 West Bromwich Albion 10 Pablo Ibañez
8%
2002-03 Leeds United 5 Raúl Bravo
8%
2013-14 Tottenham Hotspur 52 Roberto Soldado
8%
2021-22 Chelsea 10 Saúl Ñíguez
8%
2012-13 Liverpool 14 Suso
8%
2011-12 Wigan Athletic 15 Albert Crusat
0%
2005-06 Liverpool 55 Albert Riera
0%
2013-14 Swansea City 22 Alejandro Pozuelo
0%
2021-22 Brentford 12 Álvaro Ferllo
0%
2019-20 Manchester City 6 Angeliño
0%
2011-12 Swansea City 169 Ángel Rangel
0%
2016-17 Middlesbrough 26 Antonio Barragán
0%
2016-17 Swansea City 20 Borja Bastón
0%
2007-08 Birmingham City 2 Borja Oubiña
0%
2008-09 West Bromwich Albion 30 Borja Valero
0%
2017-18 Brighton & Hove Albion 39 Bruno Saltor
0%
2014-15 Aston Villa 28 Carles Gil
0%
2008-09 Aston Villa 124 Carlos Cuéllar
0%
2009-10 Liverpool 26 Dani Ayala
0%
2009-10 Liverpool 5 Dani Pacheco
0%
2008-09 West Ham 14 Diego Tristán
0%
2012-13 Wigan Athletic 1 Edu Campabadal
0%
2025-26 Sunderland 20 Eliezer Mayenda
0%
2012-13 Queens Park Rangers 24 Esteban Granero
0%
2018-19 Fulham 2 Fabricio Agosto
0%
2008-09 Arsenal 6 Fran Mérida
0%
2003-04 Middlesbrough 62 Gaizka Mendieta
0%
2022-23 Wolverhampton Wanderers 78 Hugo Bueno
0%
2012-13 Tottenham Hotspur 1 Iago Falqué
0%
2011-12 Arsenal 5 Ignasi Miquel
0%
2012-13 Wigan Athletic 16 Iván Ramis
0%
2014-15 Liverpool 126 Javier Manquillo
0%
2017-18 Newcastle United 2 Jesús Gámez
0%
2012-13 Wigan Athletic 55 Joel Robles
0%
2018-19 Wolverhampton Wanderers 107 Jonny Otto
0%
2024-25 Fulham 23 Jorge Cuenca
0%
2013-14 Swansea City 23 José Alberto Cañas
0%
2013-14 Crystal Palace 6 José Campaña
0%
2015-16 Aston Villa 1 José Crespo
0%
2007-08 Newcastle United 161 José Enrique
0%
2015-16 Stoke City 68 Joselu
0%
2015-16 Watford 27 José Manuel Jurado
0%
2014-15 Manchester City 3 José Pozo
0%
2019-20 Aston Villa 10 Jota Peleteiro
0%
2013-14 Cardiff City 7 Juan Cala
0%
2022-23 Southampton 5 Juan Larios
0%
1999-00 Newcastle United 17 Marcelino
0%
2013-14 Stoke City 57 Marc Muniesa
0%
2022-23 Leeds United 32 Marc Roca
0%
2018-19 Brighton & Hove Albion 52 Martín Montoya
0%
2022-23 Leeds United 3 Mateo Joseph
0%
2009-10 Birmingham City 9 Michel Madera
0%
1992-93 Tottenham Hotspur 18 Nayim
0%
2001-02 Ipswich Town 12 Pablo Couñago
0%
2015-16 Liverpool 1 Pedro Chirivella
0%
2010-11 Wigan Athletic 11 Piscu
0%
2002-03 Chelsea 25 Quique De Lucas
0%
2012-13 Wigan Athletic 3 Román Golobart
0%
2017-18 Swansea City 11 Roque Mesa
0%
2010-11 Blackburn Rovers 22 Rubén Rochina
0%
2002-03 Bolton Wanderers 6 Salva Ballesta
0%
2017-18 Everton 8 Sandro Ramírez
0%
2015-16 Liverpool 37 Sergi Canós
0%
2018-19 Fulham 29 Sergio Rico
0%
2022-23 Liverpool 12 Stefan Bajcetic
0%
2018-19 Cardiff City 33 Vicente Camarasa
0%
2018-19 Crystal Palace 149 Vicente Guaita
0%
2001-02 Blackburn Rovers 8 Yordi
0%
No se encontraron pruebas coincidentes
Distribución de puntuación
Porcentaje de gente con cada puntuación
Porcentaje por número respondido
Historial de tus puntuaciones
No has intentado esta prueba.